Word Ladder: The White Album Quiz Stats

 Plays Quiz Updated Feb 22, 2018

Challenge
Share
Tweet
Embed
Score 0/22 Timer 02:00
4 Plays Today
Clue 4-Letter Word % Correct
Use a bookREAD
97.1%
Grizzly mammalBEAR
97%
Cinderella eventBALL
95.5%
Parrot partBEAK
94.4%
Baseball player, RuthBABE
92.1%
♪ ____ Prudence ♪ or ♪ Martha My ____♪ DEAR ♪
91.6%
♪ Cry ____ Cry ♪ ♪ BABY ♪
91.3%
♪ ____ in the U.S.S.R ♪ ♪ BACK ♪
90.5%
ExposedBARE
88.8%
Completely exhaustedDEAD
88%
Pitcher's mistakeBALK
87.1%
Clue 4-Letter Word % Correct
Shakespeare, e.g.BARD
86.9%
The Yardbirds guitarist, Jeff BECK
86.1%
♪ The Continuing Story of Bungalow ____♪ BILL ♪
80.3%
♪ Black____♪ BIRD ♪
74%
♪ I ____♪ WILL ♪
73.5%
♪ Why Don't We Do It in the ____? ♪♪ ROAD ♪
70.3%
Urge or provokeGOAD
63.8%
♪ ____ Night ♪♪ GOOD ♪
62.3%
FastenBIND
61.2%
♪ ____ Honey Pie ♪♪ WILD ♪
54.9%
Flag waverWIND
50.6%

Today's Daily Dose

Missing Word
Top 10 Artists

Word Ladder
'70s Song II

On This Day
October 20th II

You're not logged in!

Compare scores with friends on all Sporcle quizzes.
Join for Free
OR
Log In

You Might Also Like...

Show Comments

Extras

Top Quizzes Today


Score Distribution

Your Account Isn't Verified!

In order to create a playlist on Sporcle, you need to verify the email address you used during registration. Go to your Sporcle Settings to finish the process.

Report this User

Report this user for behavior that violates our Community Guidelines.

Details: